[Event "22nd Trieste Masters Open 2020"]
[Site "Trieste"]
[Date "2020.08.31"]
[Round "2.3"]
[White "Mazi, Leon"]
[Black "Brunello, Sabino"]
[Result "0-1"]
[WhiteElo "2354"]
[BlackElo "2532"]
[Annotator "ChessBase"]
[PlyCount "78"]
[EventDate "2020.08.31"]
[EventType "swiss"]
[EventCountry "ITA"]
[SourceTitle "playchess.com"]
[Source "ChessBase"]
[SourceQuality "1"]
[TimeControl "5400+30"]

1. e4 c5 {[%emt 0:00:00]} 2. Nf3 {[%emt 0:00:31]} d6 {[%emt 0:00:00]} 3. d4 {[%emt 0:00:34]} cxd4 {[%emt 0:00:04]} 4. Nxd4 {[%emt 0:00:57]} Nf6 {[%emt 0:00:13]} 5. Nc3 {[%emt 0:00:19]} a6 {[%emt 0:00:43]} 6. Bg5 {[%emt 0:01:53]} e6 {[%emt 0:01:28]} 7. f4 {[%emt 0:01:43]} Qb6 {[%emt 0:02:46]} 8. Nb3 {[%emt 0:03:07]} Nbd7 {[%emt 0:05:40]} 9. Qe2 {[%emt 0:03:01]} Qc7 {[%emt 0:02:42]} 10. O-O-O {[%emt 0:04:39]} Be7 {[%emt 0:04:11]} 11. Kb1 {[%emt 0:04:42]} b5 {[%emt 0:05:21]} 12. a3 {[%emt 0:00:29]} Rb8 {[%emt 0:12:27]} 13. e5 {[%emt 0:13:42]} dxe5 {[%emt 0:04:20]} 14. fxe5 {[%emt 0:00:20]} Qxe5 {[%emt 0:01:55]} 15. Qd2 {[%emt 0:04:38]} b4 {[%emt 0:10:28]} 16. axb4 {[%emt 0:05:11]} Rxb4 {[%emt 0:02:23]} 17. Bd3 {[%emt 0:03:23]} Rg4 {[%emt 0:11:35]} 18. h4 {[%emt 0:10:09]} Bb7 {[%emt 0:04:57]} 19. Bf1 {[%emt 0:10:45]} Qc7 {[%emt 0:11:55]} 20. Rh3 {[%emt 0:00:27]} h6 {[%emt 0:03:10]} 21. Be3 {[%emt 0:08:36]} O-O {[%emt 0:00:26]} 22. g3 {[%emt 0:00:59]} Rd8 {[%emt 0:01:25]} 23. Bd3 {[%emt 0:05:47]} Ne5 {[%emt 0:06:06]} 24. Bf4 {[%emt 0:00:58]} Nh5 {[%emt 0:00:18]} 25. Bxe5 {[%emt 0:08:38]} Qxe5 {[%emt 0:00:07]} 26. Qf2 {[%emt 0:00:05]} Rxg3 {[%emt 0:03:42]} 27. Rf1 {[%emt 0:01:26]} Bf6 {[%emt 0:00:59]} 28. Rxg3 {[%emt 0:01:27]} Qxg3 {[%emt 0:00:12]} 29. Qb6 {[%emt 0:00:21]} Rxd3 {[%emt 0:00:59]} 30. Qxb7 {[%emt 0:04:09]} Rxc3 {[%emt 0:00:25]} 31. Qa8+ {[%emt 0:01:48]} Kh7 {[%emt 0:00:13]} 32. Qe4+ {[%emt 0:00:37]} g6 {[%emt 0:00:37]} 33. bxc3 {[%emt 0:00:28]} Qxc3 {[%emt 0:00:18]} 34. Rxf6 {[%emt 0:00:33]} Nxf6 {[%emt 0:00:26]} 35. Qb7 {[%emt 0:00:06]} Kg7 {[%emt 0:00:23]} 36. Qxa6 {[%emt 0:00:20]} Nd5 {[%emt 0:00:14]} 37. Qa7 {[%emt 0:00:37]} Qe1+ {[%emt 0:00:35]} 38. Kb2 {[%emt 0:00:10]} Qxh4 {[%emt 0:00:05]} 39. Nd4 {[%emt 0:00:16]} Qe7 {[%emt 0:00:39]} 0-1

[Event "22nd Trieste Masters Open 2020"]
[Site "Trieste"]
[Date "2020.08.31"]
[Round "2.4"]
[White "Moroni, Luca Jr"]
[Black "Brunello, Marina"]
[Result "1-0"]
[WhiteElo "2530"]
[BlackElo "2368"]
[Annotator "ChessBase"]
[PlyCount "79"]
[EventDate "2020.08.31"]
[EventType "swiss"]
[EventCountry "ITA"]
[SourceTitle "playchess.com"]
[Source "ChessBase"]
[SourceQuality "1"]
[TimeControl "5400+30"]

1. d4 {[%emt 0:00:00]} d5 {[%emt 0:00:00]} 2. c4 {[%emt 0:00:00]} c6 {[%emt 0:00:00]} 3. Nf3 {[%emt 0:00:00]} Nf6 {[%emt 0:00:00]} 4. Nc3 {[%emt 0:00:00]} e6 {[%emt 0:00:00]} 5. Bg5 {[%emt 0:00:00]} h6 {[%emt 0:02:20]} 6. Bh4 {[%emt 0:00:00]} dxc4 {[%emt 0:02:05]} 7. e4 {[%emt 0:00:00]} g5 {[%emt 0:00:05]} 8. Bg3 {[%emt 0:00:00]} b5 {[%emt 0:00:04]} 9. Be2 {[%emt 0:00:00]} Bb7 {[%emt 0:00:34]} 10. Qc2 {[%emt 0:00:04]} Nbd7 {[%emt 0:01:06]} 11. Rd1 {[%emt 0:00:05]} Qb6 {[%emt 0:02:57]} 12. Ne5 {[%emt 0:00:04]} Bg7 {[%emt 0:13:02]} 13. h4 {[%emt 0:00:08]} Nxe5 {[%emt 0:06:26]} 14. Bxe5 {[%emt 0:06:29]} O-O-O {[%emt 0:00:50]} 15. b3 {[%emt 0:10:03]} cxb3 {[%emt 0:04:56]} 16. Qxb3 {[%emt 0:03:00]} Rhg8 {[%emt 0:03:12]} 17. Nxb5 {[%emt 0:17:13]} Qa5+ {[%emt 0:03:03]} 18. Qc3 {[%emt 0:03:30]} Qxc3+ {[%emt 0:00:16]} 19. Nxc3 {[%emt 0:00:02]} Nd7 {[%emt 0:08:41]} 20. Bd6 {[%emt 0:04:41]} Bf8 {[%emt 0:02:18]} 21. Bxf8 {[%emt 0:01:57]} Rgxf8 {[%emt 0:00:43]} 22. hxg5 {[%emt 0:03:57]} hxg5 {[%emt 0:00:07]} 23. Rh5 {[%emt 0:00:30]} f6 {[%emt 0:03:54]} 24. Bc4 {[%emt 0:03:16]} Rfe8 {[%emt 0:08:10]} 25. Rh6 {[%emt 0:04:46]} e5 {[%emt 0:02:36]} 26. d5 {[%emt 0:01:21]} Rh8 {[%emt 0:01:15]} 27. Rxh8 {[%emt 0:00:45]} Rxh8 {[%emt 0:00:03]} 28. dxc6 {[%emt 0:00:42]} Bxc6 {[%emt 0:00:05]} 29. Rd6 {[%emt 0:01:28]} Kc7 {[%emt 0:00:34]} 30. Re6 {[%emt 0:00:13]} Rh1+ {[%emt 0:07:35]} 31. Ke2 {[%emt 0:01:20]} Rh4 {[%emt 0:07:34]} 32. g3 {[%emt 0:03:55]} Rh6 {[%emt 0:00:06]} 33. Bd5 {[%emt 0:13:13]} Bxd5 {[%emt 0:04:30]} 34. Nxd5+ {[%emt 0:00:09]} Kb7 {[%emt 0:00:03]} 35. Rd6 {[%emt 0:02:50]} Nc5 {[%emt 0:02:00]} 36. Rxf6 {[%emt 0:01:01]} Rh1 {[%emt 0:00:04]} 37. Rf5 {[%emt 0:02:45]} Rb1 {[%emt 0:02:14]} 38. Rxe5 {[%emt 0:01:09]} Rb2+ {[%emt 0:00:06]} 39. Ke3 {[%emt 0:00:09]} g4 {[%emt 0:02:28]} 40. Nc3 {[%emt 0:00:48]} 1-0

[Event "22nd Trieste Masters Open 2020"]
[Site "Trieste"]
[Date "2020.08.31"]
[Round "2.5"]
[White "Lumachi, Gabriele"]
[Black "Jovanic, Ognjen"]
[Result "0-1"]
[WhiteElo "2327"]
[BlackElo "2526"]
[Annotator "ChessBase"]
[PlyCount "57"]
[EventDate "2020.08.31"]
[EventType "swiss"]
[EventCountry "ITA"]
[SourceTitle "playchess.com"]
[Source "ChessBase"]
[SourceQuality "1"]
[TimeControl "5400+30"]

1. d4 {[%emt 0:00:00]} Nf6 {[%emt 0:00:10]} 2. c4 {[%emt 0:00:00]} e6 {[%emt 0:00:29]} 3. Nc3 {[%emt 0:00:15]} Bb4 {[%emt 0:00:40]} 4. g3 {[%emt 0:00:24]} c5 {[%emt 0:05:14]} 5. Nf3 {[%emt 0:00:06]} b6 {[%emt 0:14:18]} 6. Bg2 {[%emt 0:00:14]} Bb7 {[%emt 0:00:05]} 7. O-O {[%emt 0:00:06]} Bxc3 {[%emt 0:02:07]} 8. bxc3 {[%emt 0:00:11]} d6 {[%emt 0:00:39]} 9. dxc5 {[%emt 0:17:12]} dxc5 {[%emt 0:08:27]} 10. Qxd8+ {[%emt 0:31:14]} Kxd8 {[%emt 0:00:02]} 11. Rd1+ {[%emt 0:01:09]} Ke7 {[%emt 0:03:42]} 12. Bf4 {[%emt 0:00:57]} Rc8 {[%emt 0:07:32]} 13. Rab1 {[%emt 0:37:06]} Nbd7 {[%emt 0:13:26]} 14. Ne5 {[%emt 0:04:30]} Bxg2 {[%emt 0:00:43]} 15. Kxg2 {[%emt 0:00:58]} Nxe5 {[%emt 0:00:31]} 16. Bxe5 {[%emt 0:00:06]} Ne8 {[%emt 0:00:21]} 17. g4 {[%emt 0:00:37]} f6 {[%emt 0:13:12]} 18. Bg3 {[%emt 0:00:02]} Rd8 {[%emt 0:00:08]} 19. a4 {[%emt 0:00:44]} e5 {[%emt 0:08:38]} 20. Rd4 {[%emt 0:04:09]} Rd7 21. Rxd7+ {[%emt 0:00:00]} Ke6 {[%emt 0:03:45]} 22. Kf3 {[%emt 0:00:17]} Nd6 {[%emt 0:03:05]} 23. Rd8 {[%emt 0:00:05]} Ke7 {[%emt 0:03:07]} 24. Rg8 {[%emt 0:00:16]} Nb5 {[%emt 0:01:37]} 25. e4 {[%emt 0:00:00]} g5 {[%emt 0:02:12]} 26. Bxe5 {[%emt 0:01:14]} Nd6 {[%emt 0:00:40]} 27. Bxd6+ {[%emt 0:00:30]} Kxd6 {[%emt 0:00:00]} 28. Rxb6+ {[%emt 0:00:35]} Ke5 {[%emt 0:00:00]} 29. Rg6 {[%emt 0:00:08]} 0-1

[Event "22nd Trieste Masters Open 2020"]
[Site "Trieste"]
[Date "2020.08.31"]
[Round "3.1"]
[White "Lagarde, Maxime"]
[Black "Korneev, Oleg"]
[Result "1/2-1/2"]
[WhiteElo "2657"]
[BlackElo "2517"]
[Annotator "TA"]
[PlyCount "139"]
[EventDate "2020.08.31"]
[EventType "swiss"]
[EventCountry "ITA"]
[SourceTitle "playchess.com"]
[Source "ChessBase"]
[SourceQuality "1"]

{[%evp 9,139,22,22,12,27,9,26,24,20,12,20,14,14,0,29,30,57,51,41,42,48,48,59,45,67,66,91,91,91,91,91,91,92,92,106,106,106,98,98,98,97,0,99,102,110,63,67,55,81,68,68,62,89,0,0,0,0,0,0,0,0,0,53,51,60,60,60,60,60,60,70,72,66,64,87,0,65,64,80,80,84,81,81,96,96,96,96,96,96,64,64,41,41,41,41,41,41,41,41,41,41,41,41,41,41,41,45,0,0,0,0,0,0,0,0,0,0,0,0,0,0,0,0,0,0,0,0,0,0,0,0,0]} 1. e4 e5 2. Nf3 Nc6 3. Bb5 Nf6 4. d3 Bc5 5. Bxc6 dxc6 6. Nbd2 {C65: Ruy Lopez: Berlin Defence (3...Nf6), unusual lines and 4 0-0 Bc5.} Be6 {6...Nd7 is setting a new trend.} 7. Nb3 Bd6 8. Na5 {White has an edge.} Rb8 9. Bd2 c5 10. Qe2 O-O 11. Nc4 Bxc4 (11... b5 {with more complications.} 12. Ne3 c4 13. O-O cxd3 14. cxd3 Nh5) 12. dxc4 Nd7 13. h4 {[#]} Re8 $146 ({Predecessor:} 13... a6 14. h5 b5 15. Nh4 Qe8 16. Nf5 Kh8 17. Ba5 Nb6 18. Bxb6 Rxb6 19. O-O-O Qe6 {0-1 (59) Caruana,F (2791)-Aronian,L (2815) Dubai 2014}) 14. h5 Nf8 15. Nh4 Ne6 16. O-O-O a6 17. Nf5 Nd4 18. Qg4 {[%csl Gf5][%cal Rg4g7] [#]} Nxf5 19. exf5 {Bh6 is the strong threat.} Kh8 20. Rh3 h6 21. Qe4 b5 22. g4 f6 23. Ra3 Rb6 24. Ba5 Rb8 25. Bd2 Rb6 $1 26. Be3 Qe7 27. cxb5 axb5 28. Ra7 Rbb8 29. Qc6 Qf8 30. Kb1 Red8 31. a4 (31. Ra6 $16) 31... Rb6 $11 32. Qe4 bxa4 33. Rxa4 Rdb8 34. Ra2 Rb4 35. c4 Kh7 (35... Qe8 $11) 36. Bd2 $36 {[%mdl 2048] White fights for an advantage.} Rb3 37. Kc2 R3b6 38. Bc3 Rd8 39. Ra7 Rdb8 40. Rda1 Qc8 41. Qd5 Qg8 42. Qe4 Qc8 $1 43. R1a2 Qd8 44. R2a6 Rxa6 45. Rxa6 Qd7 46. f3 Qc8 47. Qc6 Qg8 48. b3 Qd8 49. Qd5 (49. Ba5 {is interesting.} Rc8 50. Ra7 Qf8 51. Qe4 Rd8 52. Be1) 49... Qg8 50. Ra7 (50. Qd3 {seems wilder.} Qe8 51. Qe4 Qc8 52. Ra1 c6 53. Ra7) 50... Qxd5 51. cxd5 {[%mdl 4096] Endgame KRB-KRB} Kg8 52. Ba5 Rc8 $1 53. Kd3 Kf8 54. Kc4 Ke8 $1 55. Bd2 Kd7 56. Be3 Rb8 57. Ra4 Be7 58. f4 exf4 {The position is equal.} 59. Bxf4 Bd6 60. Bxd6 Kxd6 $11 {KR-KR} 61. Ra6+ Kd7 (61... Rb6 $5 62. Ra4 $8 Rb8 $11) 62. d6 {Black must now prevent dxc7.} Rb4+ 63. Kxc5 Rxb3 64. dxc7 Rc3+ 65. Kd5 {And now Ra7 would win.} Rxc7 66. g5 hxg5 {[#] Strongly threatening ...Ke7.} 67. h6 $1 {[%mdl 512]} gxh6 {Hoping for ...Ke7.} 68. Rxf6 Ke7 69. Rxh6 {aiming for f6+.} Rc1 70. Rg6 {Accuracy: White = 93%, Black = 90%.} 1/2-1/2

[Event "22nd Trieste Masters Open 2020"]
[Site "Trieste"]
[Date "2020.08.31"]
[Round "3.2"]
[White "Jovanic, Ognjen"]
[Black "Bosiocic, Marin"]
[Result "0-1"]
[WhiteElo "2526"]
[BlackElo "2606"]
[Annotator "ChessBase"]
[PlyCount "108"]
[EventDate "2020.08.31"]
[EventType "swiss"]
[EventCountry "ITA"]
[SourceTitle "playchess.com"]
[Source "ChessBase"]
[SourceQuality "1"]
[TimeControl "5400+30"]

1. d4 {[%emt 0:00:00]} Nf6 {[%emt 0:00:00]} 2. c3 {[%emt 0:00:46]} c5 {[%emt 0:02:45]} 3. Nf3 {[%emt 0:01:05]} e6 {[%emt 0:00:28]} 4. a3 {[%emt 0:02:06]} Nc6 {[%emt 0:02:12]} 5. Bf4 {[%emt 0:07:02]} Qb6 {[%emt 0:02:39]} 6. Ra2 {[%emt 0:00:24]} cxd4 {[%emt 0:06:36]} 7. cxd4 {[%emt 0:00:39]} Ne4 {[%emt 0:00:26]} 8. Nbd2 {[%emt 0:08:05]} Nxd2 {[%emt 0:04:22]} 9. Qxd2 {[%emt 0:00:50]} Be7 {[%emt 0:00:12]} 10. e3 {[%emt 0:06:37]} f6 {[%emt 0:06:10]} 11. h4 {[%emt 0:06:17]} a5 {[%emt 0:04:08]} 12. Ra1 {[%emt 0:03:56]} a4 {[%emt 0:01:17]} 13. Rc1 {[%emt 0:00:12]} d6 {[%emt 0:02:23]} 14. e4 {[%emt 0:06:51]} Na5 {[%emt 0:02:33]} 15. Rc3 {[%emt 0:02:44]} Nb3 {[%emt 0:04:05]} 16. Qc2 {[%emt 0:01:45]} Bd7 {[%emt 0:03:51]} 17. Be3 {[%emt 0:00:31]} Qa5 {[%emt 0:05:14]} 18. Nd2 {[%emt 0:03:26]} Nxd2 {[%emt 0:06:28]} 19. Bxd2 {[%emt 0:00:07]} Qb6 {[%emt 0:01:29]} 20. Be3 {[%emt 0:01:01]} O-O {[%emt 0:01:18]} 21. Bc4 {[%emt 0:06:09]} Qd8 {[%emt 0:00:07]} 22. h5 {[%emt 0:02:45]} Kh8 {[%emt 0:00:34]} 23. d5 {[%emt 0:06:34]} e5 {[%emt 0:04:35]} 24. Bd3 {[%emt 0:00:12]} Qe8 {[%emt 0:02:52]} 25. f3 {[%emt 0:01:05]} Bd8 {[%emt 0:00:34]} 26. Ke2 {[%emt 0:07:06]} Ba5 {[%emt 0:00:54]} 27. Rc4 {[%emt 0:02:04]} Bb5 {[%emt 0:00:20]} 28. h6 {[%emt 0:05:52]} g5 {[%emt 0:00:40]} 29. Rc1 {[%emt 0:01:41]} Bxc4 {[%emt 0:01:16]} 30. Qxc4 {[%emt 0:00:01]} Rc8 {[%emt 0:01:30]} 31. Qb5 {[%emt 0:02:57]} Qxb5 {[%emt 0:02:31]} 32. Bxb5 {[%emt 0:00:03]} Rxc1 {[%emt 0:00:35]} 33. Bxc1 {[%emt 0:00:02]} Rc8 {[%emt 0:04:26]} 34. Kd1 {[%emt 0:00:02]} Rg8 {[%emt 0:00:57]} 35. Bxa4 {[%emt 0:03:59]} Rg6 {[%emt 0:00:37]} 36. Bd7 {[%emt 0:00:39]} Rxh6 {[%emt 0:00:15]} 37. Bh3 {[%emt 0:00:04]} Bb6 {[%emt 0:01:38]} 38. Bd2 {[%emt 0:00:15]} Kg7 {[%emt 0:00:55]} 39. a4 {[%emt 0:00:42]} Kf8 {[%emt 0:04:46]} 40. a5 {[%emt 0:01:02]} Bd4 {[%emt 0:00:55]} 41. b4 {[%emt 0:00:15]} b5 {[%emt 0:01:51]} 42. Ke2 {[%emt 0:03:49]} Ke7 {[%emt 0:00:21]} 43. Be1 {[%emt 0:05:38]} Kd8 {[%emt 0:00:20]} 44. Bf2 {[%emt 0:00:33]} Bxf2 {[%emt 0:02:34]} 45. Kxf2 {[%emt 0:00:02]} Kc7 {[%emt 0:03:48]} 46. Kg3 {[%emt 0:00:09]} Rh4 {[%emt 0:02:34]} 47. Kh2 {[%emt 0:00:38]} f5 {[%emt 0:01:34]} 48. g3 {[%emt 0:00:32]} Rh6 {[%emt 0:00:16]} 49. exf5 {[%emt 0:03:15]} e4 {[%emt 0:00:32]} 50. f6 {[%emt 0:01:19]} Rxf6 {[%emt 0:03:20]} 51. fxe4 {[%emt 0:00:29]} Rf2+ {[%emt 0:00:05]} 52. Bg2 {[%emt 0:01:01]} Rb2 {[%emt 0:00:13]} 53. e5 {[%emt 0:00:11]} dxe5 {[%emt 0:00:19]} 54. a6 {[%emt 0:00:09]} Ra2 {[%emt 0:00:46]} 0-1

[Event "22nd Trieste Masters Open 2020"]
[Site "Trieste"]
[Date "2020.08.31"]
[Round "3.3"]
[White "Brunello, Sabino"]
[Black "Sepehrkhoui, Ardeshir"]
[Result "1/2-1/2"]
[WhiteElo "2532"]
[BlackElo "2237"]
[Annotator "ChessBase"]
[PlyCount "149"]
[EventDate "2020.08.31"]
[EventType "swiss"]
[EventCountry "ITA"]
[SourceTitle "playchess.com"]
[Source "ChessBase"]
[SourceQuality "1"]
[TimeControl "5400+30"]

1. d4 {[%emt 0:00:00]} Nf6 {[%emt 0:00:00]} 2. c4 {[%emt 0:00:00]} e6 {[%emt 0:01:37]} 3. Nf3 {[%emt 0:00:00]} Bb4+ {[%emt 0:00:11]} 4. Bd2 {[%emt 0:00:15]} a5 {[%emt 0:00:41]} 5. g3 {[%emt 0:00:37]} b6 {[%emt 0:04:56]} 6. Bg2 {[%emt 0:00:33]} Bb7 {[%emt 0:00:02]} 7. O-O {[%emt 0:00:30]} Bxd2 {[%emt 0:00:07]} 8. Nbxd2 {[%emt 0:02:39]} O-O {[%emt 0:03:59]} 9. Qc2 {[%emt 0:13:20]} d6 {[%emt 0:08:50]} 10. e4 {[%emt 0:09:02]} Nc6 {[%emt 0:17:38]} 11. Rad1 {[%emt 0:10:28]} Qe7 {[%emt 0:05:34]} 12. Rfe1 {[%emt 0:07:43]} e5 {[%emt 0:12:43]} 13. Nf1 {[%emt 0:04:20]} Rfe8 {[%emt 0:02:36]} 14. d5 {[%emt 0:05:46]} Nb4 {[%emt 0:00:23]} 15. Qb1 {[%emt 0:00:10]} Na6 {[%emt 0:03:54]} 16. Ne3 {[%emt 0:00:59]} Bc8 {[%emt 0:00:52]} 17. b3 {[%emt 0:01:58]} Nc5 {[%emt 0:02:50]} 18. Nd2 {[%emt 0:00:35]} Bd7 {[%emt 0:04:12]} 19. Rc1 {[%emt 0:05:59]} Reb8 {[%emt 0:04:39]} 20. a3 {[%emt 0:05:51]} b5 {[%emt 0:02:02]} 21. cxb5 {[%emt 0:06:32]} Bxb5 {[%emt 0:00:11]} 22. Rc3 {[%emt 0:00:22]} c6 {[%emt 0:10:31]} 23. dxc6 {[%emt 0:09:46]} Bxc6 {[%emt 0:00:24]} 24. Nf5 {[%emt 0:00:16]} Qd7 {[%emt 0:03:34]} 25. Qc2 {[%emt 0:02:17]} Nfxe4 {[%emt 0:05:20]} 26. Nxe4 {[%emt 0:05:20]} Qxf5 {[%emt 0:00:14]} 27. Nxd6 {[%emt 0:00:46]} Qxc2 {[%emt 0:00:08]} 28. Rxc2 {[%emt 0:00:03]} Bxg2 {[%emt 0:02:44]} 29. Kxg2 {[%emt 0:00:01]} Nd3 {[%emt 0:02:27]} 30. Re3 {[%emt 0:04:36]} Rxb3 {[%emt 0:00:12]} 31. Rd2 {[%emt 0:00:17]} Nc5 {[%emt 0:01:09]} 32. Rxe5 {[%emt 0:00:09]} Ne6 {[%emt 0:00:31]} 33. Nc4 {[%emt 0:03:57]} a4 {[%emt 0:00:14]} 34. Rd7 {[%emt 0:00:44]} g6 {[%emt 0:00:49]} 35. Re2 {[%emt 0:00:52]} Rc3 {[%emt 0:00:36]} 36. Ne5 {[%emt 0:00:15]} Rc7 {[%emt 0:00:00]} 37. Re4 {[%emt 0:00:35]} Rxd7 {[%emt 0:00:28]} 38. Nxd7 {[%emt 0:00:01]} Ra6 {[%emt 0:00:54]} 39. Rc4 {[%emt 0:00:56]} Kg7 {[%emt 0:00:13]} 40. Ne5 {[%emt 0:00:17]} Ra7 {[%emt 0:00:58]} 41. Kf3 {[%emt 0:00:51]} Nc7 {[%emt 0:00:11]} 42. Nc6 {[%emt 0:00:17]} Ra8 {[%emt 0:00:16]} 43. Nd4 {[%emt 0:00:33]} Ne6 {[%emt 0:00:46]} 44. Nxe6+ {[%emt 0:00:53]} fxe6 {[%emt 0:00:01]} 45. Ke4 {[%emt 0:00:26]} Kf6 {[%emt 0:00:13]} 46. h4 {[%emt 0:00:37]} h5 {[%emt 0:00:12]} 47. f3 {[%emt 0:00:29]} Ra5 {[%emt 0:00:03]} 48. g4 {[%emt 0:00:23]} g5 {[%emt 0:00:27]} 49. hxg5+ {[%emt 0:00:39]} Rxg5 {[%emt 0:02:17]} 50. gxh5 {[%emt 0:00:07]} Re5+ {[%emt 0:00:20]} 51. Kd3 {[%emt 0:00:22]} Rf5 {[%emt 0:00:43]} 52. Ke3 {[%emt 0:00:49]} Rxh5 {[%emt 0:00:17]} 53. Rxa4 {[%emt 0:00:01]} Re5+ {[%emt 0:00:12]} 54. Re4 {[%emt 0:00:48]} Rd5 {[%emt 0:00:56]} 55. Rd4 {[%emt 0:00:34]} Ra5 {[%emt 0:00:11]} 56. a4 {[%emt 0:00:16]} e5 {[%emt 0:00:28]} 57. Rc4 {[%emt 0:00:20]} Kf5 {[%emt 0:00:34]} 58. Kd3 {[%emt 0:00:33]} Rd5+ {[%emt 0:00:41]} 59. Kc2 {[%emt 0:00:59]} Ke6 {[%emt 0:00:15]} 60. Kb3 {[%emt 0:00:31]} Kd6 {[%emt 0:00:46]} 61. Kb4 {[%emt 0:00:25]} Rd3 {[%emt 0:00:42]} 62. Rc3 {[%emt 0:00:24]} Rd4+ {[%emt 0:00:17]} 63. Kb5 {[%emt 0:00:35]} e4 {[%emt 0:00:00]} 64. fxe4 {[%emt 0:00:47]} Rxe4 {[%emt 0:00:01]} 65. a5 {[%emt 0:00:23]} Re1 {[%emt 0:00:36]} 66. a6 {[%emt 0:00:33]} Rb1+ {[%emt 0:00:03]} 67. Ka5 {[%emt 0:00:08]} Ra1+ {[%emt 0:01:42]} 68. Kb6 {[%emt 0:00:01]} Rb1+ {[%emt 0:00:03]} 69. Ka7 {[%emt 0:00:03]} Kd7 {[%emt 0:00:54]} 70. Ka8 {[%emt 0:00:06]} Rb2 {[%emt 0:00:32]} 71. a7 {[%emt 0:00:06]} Rb1 {[%emt 0:00:15]} 72. Rc2 {[%emt 0:00:07]} Rb3 {[%emt 0:00:11]} 73. Rh2 {[%emt 0:00:04]} Kc7 {[%emt 0:00:24]} 74. Rh8 {[%emt 0:00:08]} Rb1 {[%emt 0:01:16]} 75. Rh7+ {[%emt 0:00:06]} 1/2-1/2

[Event "22nd Trieste Masters Open 2020"]
[Site "Trieste"]
[Date "2020.08.31"]
[Round "3.4"]
[White "Samuelli, Daniele"]
[Black "Moroni, Luca Jr"]
[Result "0-1"]
[WhiteElo "1946"]
[BlackElo "2530"]
[Annotator "ChessBase"]
[PlyCount "54"]
[EventDate "2020.08.31"]
[EventType "swiss"]
[EventCountry "ITA"]
[SourceTitle "playchess.com"]
[Source "ChessBase"]
[SourceQuality "1"]
[TimeControl "5400+30"]

1. Nf3 {[%emt 0:01:52]} d5 {[%emt 0:00:00]} 2. d4 {[%emt 0:00:26]} e6 {[%emt 0:00:07]} 3. e3 {[%emt 0:00:30]} Nf6 {[%emt 0:00:21]} 4. Be2 {[%emt 0:01:09]} Bd6 {[%emt 0:00:06]} 5. b3 {[%emt 0:01:47]} O-O {[%emt 0:01:09]} 6. O-O {[%emt 0:00:14]} b6 {[%emt 0:00:09]} 7. Bb2 {[%emt 0:00:46]} Bb7 {[%emt 0:00:19]} 8. Ne5 {[%emt 0:01:38]} c5 {[%emt 0:01:17]} 9. dxc5 {[%emt 0:03:27]} bxc5 {[%emt 0:00:31]} 10. c4 {[%emt 0:00:15]} Ne4 {[%emt 0:04:11]} 11. cxd5 {[%emt 0:03:13]} exd5 {[%emt 0:00:44]} 12. Nd2 {[%emt 0:00:58]} Nxd2 {[%emt 0:02:47]} 13. Qxd2 {[%emt 0:00:29]} Qe7 {[%emt 0:01:06]} 14. Qc3 {[%emt 0:04:21]} f6 {[%emt 0:01:23]} 15. Nf3 {[%emt 0:01:09]} Nd7 {[%emt 0:00:15]} 16. Rfe1 {[%emt 0:05:13]} Ne5 {[%emt 0:02:39]} 17. Nh4 {[%emt 0:04:37]} f5 {[%emt 0:05:18]} 18. Nf3 {[%emt 0:00:27]} Ng4 {[%emt 0:01:27]} 19. Bd3 {[%emt 0:04:09]} Qd7 {[%emt 0:10:39]} 20. Qc2 {[%emt 0:04:44]} d4 {[%emt 0:04:21]} 21. Bc4+ {[%emt 0:08:29]} Kh8 {[%emt 0:00:45]} 22. exd4 {[%emt 0:04:39]} Bxf3 {[%emt 0:00:39]} 23. gxf3 {[%emt 0:04:41]} Nxh2 {[%emt 0:01:12]} 24. Kh1 {[%emt 0:09:13]} Nxf3 {[%emt 0:03:05]} 25. Be6 {[%emt 0:02:26]} Qd8 {[%emt 0:01:34]} 26. dxc5 {[%emt 0:04:07]} Qh4+ {[%emt 0:00:07]} 27. Kg2 {[%emt 0:00:06]} Qg4+ {[%emt 0:00:04]} 0-1